Name the Russian Republic by the Soviet Flag I made - Statistics

General Stats
  • This quiz has been taken 8 times
  • The average score is 6 of 10
Answer Stats
Picture Answer % Correct
Chechnya
83%
Karelia
83%
North Ossetia
83%
Dagestan
67%
Sakha
67%
Tatarstan
67%
Adygea
50%
Tuva
33%
Udmurtia
33%
Komi
17%
No matching quizzes found
Score Distribution
Percent of People with Each Score
Percentile by Number Answered
Your Score History
You have not taken this quiz